Top Africa Facts - Statistics

General Stats
  • This quiz has been taken 38 times
  • The average score is 13 of 16
Answer Stats
Hint Answer % Correct
Number of Island Nations 6
97%
Biggest Island Madagascar
97%
Largest Country by Population Nigeria
97%
Largest Country by Landmass Algeria
95%
Longest River Nile
92%
Smallest Island Country Seychelles
86%
Number of Countries 54
84%
Population % of World 15
81%
Largest City Lagos
81%
Highest Mountain Mount Kilimanjaro
81%
Driest Place The Sahara
81%
Biggest Lake Lake Victoria
78%
Number of Landlocked Countries 16
73%
Number of Territories 9
62%
Smallest Mainland Country Gambia
62%
Known as the Cradle of {Humanity}
54%
No matching quizzes found
Score Distribution
Percent of People with Each Score
Percentile by Number Answered
Your Score History
You have not taken this quiz